[Event "Tata Steel 2025"]
[Site "Wijk aan Zee"]
[Date "01.02.2025"]
[Round "12"]
[White "Mendonca, Leon Luke"]
[Black "Caruana, Fabiano"]
[Result "1/2-1/2"]
[WhiteElo "2639"]
[BlackElo "2803"]
[EventDate "2025.01.18"]

1. e4 e5 2. Nf3 Nc6 3. Bc4 Nf6 4. d3 Be7 5. Nc3 O-O 6. a4 Bb4 7. O-O Bxc3
8. bxc3 d6 9. Bg5 Be6 10. Bb5 Ne7 11. Bxf6 gxf6 12. d4 Ng6 13. Re1 c6 14.
Bf1 Qa5 15. Re3 Kh8 16. Nd2 Rg8 17. Rg3 Nf4 18. Nc4 Qc7 19. Ne3 d5 20. exd5
cxd5 21. c4 exd4 22. Qxd4 Qe5 23. Rd1 dxc4 24. Nxc4 Qxd4 25. Rxd4 Rxg3 26.
hxg3 Ng6 27. Nd6 b6 28. Bc4 Kg7 29. Bxe6 fxe6 30. Rc4 f5 31. Rc7+ Kf6 32.
Nc8 Ne5 33. f3 h5 34. Nxa7 Rd8 35. Nc8 Rd7 36. Rc3 Rd1+ 37. Kh2 Nd7 38. Rc6
Rd4 39. Nxb6 Nxb6 40. Rxb6 Rxa4 41. Rc6 Ra1 42. c4 Rc1 43. c5 Kf7 44. f4
Kf6 45. Rc8 Kg7 46. c6 Kf7 47. c7 Kg7 48. g4 hxg4 49. Kg3 Rc2 50. Kh4 Rc3
51. Kg5 Rc1 52. g3 Rc2 53. Re8 Rxc7 54. Rxe6 Rc3 55. Kxf5 Rxg3 56. Rg6+ Kf7
57. Rxg4 1/2-1/2

[Event "Tata Steel 2025"]
[Site "Wijk aan Zee"]
[Date "02.02.2025"]
[Round "13"]
[White "Caruana, Fabiano"]
[Black "Warmerdam, Max"]
[Result "0-1"]
[WhiteElo "2803"]
[BlackElo "2646"]
[EventDate "2025.01.18"]

1. d4 d5 2. Nf3 Nf6 3. e3 a6 4. h3 e6 5. b3 b6 6. Bb2 Bb7 7. Nbd2 Nbd7 8.
Bd3 Bd6 9. c4 O-O 10. O-O Qe7 11. Ne5 Ne4 12. Rc1 Bxe5 13. dxe5 Ndc5 14.
Bb1 Rfd8 15. cxd5 Nxd2 16. Qxd2 Bxd5 17. Bd4 Ne4 18. Qe2 c5 19. Bb2 Qg5 20.
f4 Qe7 21. Rfd1 a5 22. Bd3 a4 23. bxa4 Rxa4 24. a3 Raa8 25. Kh2 h6 26. Qc2
Qb7 27. Bb5 Rac8 28. Qe2 Qa8 29. a4 Bb3 30. Rd3 Rxd3 31. Qxd3 Bd5 32. Qc2
g6 33. Rd1 h5 34. Bc1 h4 35. Bd2 Ng3 36. Be1 Nf5 37. Rxd5 Nxe3 38. Qc1 Nxd5
39. Bxh4 c4 40. f5 exf5 41. Bd7 f4 42. e6 Ne3 43. Qg1 c3 44. Bxc8 Qxc8 45.
e7 c2 46. Bg5 Kh7 47. Qe1 Qc6 48. Qh4+ Kg8 49. e8=Q+ Qxe8 50. Bf6 Nf1+ 51.
Kh1 Ng3+ 52. Kh2 Nh5 53. Bb2 Kh7 54. Qg5 Qe3 55. Qd5 Qg3+ 56. Kg1 Qe1+ 57.
Kh2 Qg3+ 58. Kg1 c1=Q+ 59. Bxc1 Qe1+ 60. Kh2 Qg3+ 61. Kg1 Qe1+ 62. Kh2 Qxc1
63. Qxf7+ Ng7 0-1

[Event "Tata Steel 2025"]
[Site "Wijk aan Zee"]
[Date "02.02.2025"]
[Round "13"]
[White "Fedoseev, Vladimir"]
[Black "Wei Yi"]
[Result "1/2-1/2"]
[WhiteElo "2717"]
[BlackElo "2751"]
[EventDate "2025.01.18"]

1. d4 Nf6 2. Nf3 d5 3. c4 e6 4. g3 Be7 5. Bg2 O-O 6. O-O dxc4 7. Qa4 a6 8.
Qxc4 b5 9. Qc2 Bb7 10. Bd2 Bd6 11. Re1 Be4 12. Qc1 Bb7 13. Be3 Nbd7 14.
Nbd2 Nd5 15. Nb3 Nxe3 16. Qxe3 Rc8 17. Rec1 Bd5 18. Nfd2 Bxg2 19. Kxg2 c5
20. Ne4 cxd4 21. Nxd4 Nc5 22. Nxd6 Qxd6 23. Nf3 Na4 24. b3 Nb6 25. Qd4 Qb8
26. e4 Qb7 27. Ne5 f6 28. Nd3 Rfd8 29. Rxc8 Qxc8 30. Qe3 Nd7 31. Rc1 Qb7
32. Qd4 Qa8 33. Qb4 Nf8 34. Nc5 Rc8 35. Qd2 Rd8 36. Qe3 Kf7 37. Nd3 Rc8 38.
Rd1 Nd7 39. Qd4 Rc7 40. Rd2 Qb7 41. Qe3 Rc8 42. Nf4 Ne5 43. Rd6 Rc6 44. Rd8
Rc8 45. Rxc8 Qxc8 46. Qa7+ Nd7 47. Nd3 Qc6 48. Kf3 Ke7 49. Ke3 Qc3 50. f4
Qc2 51. Nb4 Qxh2 52. Qc7 Qxg3+ 53. Ke2 Qg2+ 54. Ke3 Qg1+ 55. Ke2 Qg2+ 56.
Ke3 Qh3+ 57. Kd2 e5 58. Nd5+ Ke8 59. Qc8+ Kf7 60. f5 Qg2+ 61. Ke3 Qh3+ 62.
Kd2 Qg2+ 63. Ke3 Qg1+ 64. Ke2 Qh2+ 65. Ke3 Qg1+ 66. Ke2 Qg2+ 1/2-1/2

[Event "Tata Steel 2025"]
[Site "Wijk aan Zee"]
[Date "02.02.2025"]
[Round "13"]
[White "Abdusattorov, Nodirbek"]
[Black "Harikrishna, Pentala"]
[Result "1/2-1/2"]
[WhiteElo "2768"]
[BlackElo "2695"]
[EventDate "2025.01.18"]

1. e4 e5 2. Nf3 Nc6 3. g3 Nf6 4. d3 d5 5. exd5 Qxd5 6. Bg2 e4 7. Nc3 Bb4 8.
Nd2 Bxc3 9. bxc3 Bg4 10. Nxe4 O-O-O 11. f3 Rhe8 12. Qe2 Nxe4 13. dxe4 Qa5
14. O-O Be6 15. Qe1 Ne5 16. Be3 Nc4 17. Bd4 f6 18. Rf2 Rd7 19. Bf1 Red8 20.
a4 c5 21. Be3 Nxe3 22. Qxe3 Rd1 23. Rxd1 Rxd1 24. e5 Bh3 25. e6 Qxa4 26. e7
Qe8 27. Qxc5+ Kb8 28. Qe3 a5 29. g4 a4 30. c4 Kc7 31. Qc5+ Kb8 32. Qe3 Kc7
33. f4 Bxf1 34. Rxf1 Rxf1+ 35. Kxf1 Kd7 36. Qe4 Qa8 37. g5 fxg5 38. fxg5 g6
39. Qe5 Qe8 40. Qe4 Qf7+ 41. Kg2 Ke8 42. c5 Qf5 43. Qxa4+ Kxe7 44. h4 Qxc5
45. Qe4+ Kd6 46. Qf4+ Qe5 47. Qb4+ Qc5 48. Qf4+ Qe5 49. Qb4+ Qc5 50. Qf4+
1/2-1/2

[Event "Tata Steel 2025"]
[Site "Wijk aan Zee"]
[Date "02.02.2025"]
[Round "13"]
[White "Gukesh, Dommaraju"]
[Black "Erigaisi, Arjun"]
[Result "0-1"]
[WhiteElo "2777"]
[BlackElo "2801"]
[EventDate "2025.01.18"]

1. e4 e5 2. Nf3 Nf6 3. Nxe5 d6 4. Nc4 Nxe4 5. Qe2 Qe7 6. Ne3 Nf6 7. Nc3 Be6
8. g3 Nc6 9. Bg2 Qd7 10. O-O O-O-O 11. b4 d5 12. b5 Na5 13. d4 Bh3 14. Bxh3
Qxh3 15. Qf3 h5 16. Nexd5 h4 17. Nxf6 gxf6 18. Rd1 hxg3 19. hxg3 Nc4 20.
Bf4 Bh6 21. Bxh6 Rxh6 22. Qg2 Qh5 23. Rab1 Rdh8 24. Rb4 Na3 25. b6 cxb6 26.
Ra4 Nb5 27. Rd3 Nxc3 28. Rxc3+ Kd8 29. f3 Qb5 30. Rxa7 Rh1+ 31. Kf2 R8h2
0-1

[Event "Tata Steel 2025"]
[Site "Wijk aan Zee"]
[Date "02.02.2025"]
[Round "13"]
[White "Giri, Anish"]
[Black "Van Foreest, Jorden"]
[Result "1/2-1/2"]
[WhiteElo "2731"]
[BlackElo "2680"]
[EventDate "2025.01.18"]

1. e4 e5 2. Nf3 Nc6 3. Bb5 Nf6 4. O-O Nxe4 5. d4 Nd6 6. Bxc6 dxc6 7. dxe5
Nf5 8. Qxd8+ Kxd8 9. Nc3 Ne7 10. h3 Bd7 11. Ne4 h6 12. Re1 b6 13. Bd2 Kc8
14. Rad1 a5 15. Ng3 c5 16. Nh5 Nd5 17. a3 Be6 18. g4 b5 19. Kg2 Ra6 20. Kg3
b4 21. Ra1 a4 22. c3 bxc3 23. Bxc3 Nxc3 24. bxc3 Rb6 25. Nf4 Bb3 26. Nd2 g5
27. Nh5 Be7 28. Re3 Rd8 29. Nxb3 Rxb3 30. Rf3 c4 31. Rxf7 Rxa3 32. Rb1
Rxc3+ 33. Kg2 Rb3 34. Rc1 a3 35. Rxe7 c3 36. Ng7 a2 37. Ne6 Rb1 38. Rxc7+
Kb8 39. R7xc3 a1=Q 40. Rb3+ Rxb3 41. Rxa1 Rd5 42. Nf8 Rd8 43. Ne6 Rd5 44.
Rc1 Rb6 45. Nf8 Rd8 46. Nh7 Re6 47. Re1 Rd4 48. Nf6 Kc8 49. Re3 Kd8 50. Kg3
Ke7 51. Nh5 Rd5 52. f4 Kf7 53. Rf3 gxf4+ 54. Nxf4 Rdxe5 55. Nxe6+ Kxe6 56.
Kh4 Ke7 57. Rf5 Re3 58. Rh5 Re6 59. Rf5 Re3 60. Rh5 Re6 1/2-1/2

[Event "Tata Steel 2025"]
[Site "Wijk aan Zee"]
[Date "02.02.2025"]
[Round "TB1"]
[White "Gukesh, Dommaraju"]
[Black "Praggnanandhaa, Rameshbabu"]
[Result "1-0"]
[WhiteElo "2777"]
[BlackElo "2741"]
[Annotator "RC"]
[PlyCount "83"]
[EventDate "2025.??.??"]

1. Nf3 d5 2. c4 e6 3. g3 Nf6 4. Bg2 d4 5. O-O Nc6 6. d3 Bc5 7. a3 a5 8. Bg5 h6
9. Bxf6 Qxf6 10. Nbd2 Qe7 11. Ne4 a4 12. Nxc5 Qxc5 13. Nd2 O-O 14. Qc2 e5 15.
Rfb1 Ra7 16. b4 axb3 17. Rxb3 Qe7 18. Rb5 Rxa3 19. Re1 Ra7 20. Qb2 Rd8 21. h4
Nb8 22. e3 c6 23. Rb3 Qc7 24. Nf3 Na6 25. Ra3 Qd6 26. exd4 exd4 27. Qb6 Ra8 28.
Nxd4 Nc7 29. Rxa8 Nxa8 30. Qa7 Nc7 31. Qa5 Qxd4 32. Qxc7 Qxd3 33. Re7 Be6 34.
Qxb7 c5 35. Qc7 Qd6 36. Re8+ Kh7 37. Qxd8 Qe5 38. Rh8+ Kg6 39. Qd3+ Bf5 40. Qe3
Qd6 41. Re8 Be6 42. Be4+ 1-0

[Event "Tata Steel 2025"]
[Site "Wijk aan Zee"]
[Date "02.02.2025"]
[Round "TB2"]
[White "Praggnanandhaa, Rameshbabu"]
[Black "Gukesh, Dommaraju"]
[Result "1-0"]
[WhiteElo "2741"]
[BlackElo "2777"]
[Annotator "RC"]
[PlyCount "77"]
[EventDate "2025.??.??"]

1. d4 Nf6 2. Bg5 d5 3. e3 g6 4. Nf3 Bg7 5. Nbd2 O-O 6. h3 c5 7. c3 b6 8. Bd3
Nc6 9. O-O h6 10. Bf4 Nd7 11. Bg3 Bb7 12. Be2 e5 13. dxe5 Ndxe5 14. a4 Nd7 15.
Qc2 Re8 16. Rfe1 Rc8 17. Rad1 Qe7 18. Qb1 Nf8 19. Bf1 Ne6 20. e4 d4 21. Qc2 Ng5
22. Nh2 Rcd8 23. e5 Qc7 24. Ng4 Kh8 25. Nc4 Ne6 26. Nd6 Rf8 27. Bc4 Ne7 28. Qc1
Qc6 29. Nxb7 Qxb7 30. Nxh6 Nd5 31. Ng4 Qe7 32. Rd3 Qg5 33. Qxg5 Nxg5 34. cxd4
Nb4 35. Rd2 Rxd4 36. Rxd4 cxd4 37. Rd1 Nc6 38. Bb5 Ne7 39. Bh4 1-0

[Event "Tata Steel 2025"]
[Site "Wijk aan Zee"]
[Date "02.02.2025"]
[Round "ARM"]
[White "Praggnanandhaa, Rameshbabu"]
[Black "Gukesh, Dommaraju"]
[Result "1-0"]
[WhiteElo "2741"]
[BlackElo "2777"]
[Annotator "RC"]
[PlyCount "123"]
[EventDate "2025.??.??"]

1. d4 d5 2. Nf3 Nf6 3. Bf4 e6 4. e3 c5 5. Be2 Bd6 6. dxc5 Bxc5 7. O-O O-O 8. c4
dxc4 9. Bxc4 a6 10. Qxd8 Rxd8 11. Nbd2 Bd7 12. Rac1 Be7 13. Be2 Nd5 14. Bg3 Bb5
15. Bxb5 axb5 16. a3 Nc6 17. Rfd1 Rac8 18. Kf1 Nb6 19. Ne4 Nc4 20. Rxd8+ Rxd8
21. Rc2 Rd1+ 22. Ke2 Rb1 23. Nc3 Rxb2 24. Rxb2 Nxb2 25. Nxb5 Nc4 26. Kd3 Nxa3
27. Nxa3 Bxa3 28. Kc4 Na7 29. Bb8 Nc8 30. Kb5 f6 31. Nd2 Kf7 32. Nc4 Bf8 33.
Na5 Bd6 34. Bxd6 Nxd6+ 35. Kb6 Ne4 36. f3 Nc3 37. Kxb7 e5 38. Kc6 Nd1 39. Nc4
Ke6 40. e4 g6 41. Kc5 f5 42. Kb4 fxe4 43. fxe4 Nf2 44. Nd2 Kd6 45. Nc4+ Ke6 46.
Nd2 Kf6 47. Kc4 Ng4 48. Nf1 Nf2 49. Kd5 Nd3 50. Ne3 Nf4+ 51. Kd6 Nd3 52. Ng4+
Kg5 53. Nxe5 Kf4 54. Nxd3+ Kxe4 55. Nf2+ Ke3 56. Ng4+ Kf4 57. Nf6 h5 58. Ke6 h4
59. Kf7 Kf5 60. Kg7 g5 61. h3 Kf4 62. Kg6 1-0